碧血劍

資料類型: Book 圖書   書目號:44945

Leader xxxxxxxxxx
001 __ PCLIS00044945
005 __ 20210617090337.0
010 0_ |a957-32-2909-9|b一套 : 平裝|dNT$500
010 0_ |a957-32-2910-2|b第一冊 : 平裝|dNT$250
010 0_ |a957-32-2911-0|b第二冊 : 平裝|dNT$250
100 __ |a20121119d19961957m  y0chiy09      e
101 0_ |achi
102 __ |atw
105 __ |aaf  z   000ay
200 1_ |a碧血劍|dThe sword stained with royal blood|zeng|f金庸著
205 __ |a三版
210 __ |a臺北市|c遠流|d1996[民85]
215 0_ |a2冊(864面, 圖版[32]面)|c部分彩圖|d21公分
225 2_ |a金庸作品集|v3-4
300 __ |a本館館藏為2011年24刷
320 __ |a附袁崇煥評傳
410 _0 |12001 |a金庸作品集|v3-4
510 1_ |aThe sword stained with royal blood
606 __ |2cst|a武俠小說
681 __ |a857.9|b864
700 _0 |a金庸|4|f1924-2018
801 _0 |atw|b內湖高中|c20121119|gCCR
  
詳細館藏 1-2 筆 (共 2 筆)
索 書 號登 錄 號冊次號館別 / 館藏地流通類型狀態加入預約清單電子資源
857.9 / 864 1020025 v.1 圖書館 / 一樓普通區 可外借30天 在館   
857.9 / 864 1020026 v.2 圖書館 / 一樓普通區 可外借30天 在館   

| 條列資料




目錄查詢 分類查詢 個人資料 圖書薦購 新書查詢 閉館日 排行榜 更多電子資源 Hami書城 線上資料庫 登出

From : 216.73.216.116

  本日流通累計至 16:33:03 借閱 : 6 次 續借 : 0 次 歸還 : 8 次 預約 : 0 次 電子資源 : 0 次


內湖高中圖書館  PCLIS 版本  25.5.0.2